| 000 | 00645aam a2200265 4500 | ||
|---|---|---|---|
| 005 | 20250702114916.0 | ||
| 008 | 150513b xxu||||| |||| 00| 0 spa d | ||
| 020 | _a9789977952307 | ||
| 041 | _aESP | ||
| 082 | _aCO 863 R621v | ||
| 100 |
_aRivera, José Eustacio _935511 |
||
| 245 | _aLa vorágine | ||
| 260 | _aCosta Rica | ||
| 260 | _bUruk Editores | ||
| 260 | _c2007 | ||
| 300 | _a270 páginas | ||
| 490 | _aTemática General | ||
| 650 | _aNOVELA COLOMBIANA | ||
| 650 | _aLITERATURA COLOMBIANA | ||
| 650 | _aROMANCE | ||
| 650 | _aCLASES SOCIALES | ||
| 650 | _aSELVA DEL AMAZONAS | ||
| 650 | _aSECUESTRO | ||
| 942 |
_cLIT _2ddc |
||
| 999 |
_c5432 _d5432 |
||